| 000 | 01480nam a2200361Ia 4500 | ||
|---|---|---|---|
| 001 | ebr10269613 | ||
| 003 | CaPaEBR | ||
| 006 | m u | ||
| 007 | cr cn||||||||| | ||
| 008 | 081106s2009 dcua sb 001 0 eng d | ||
| 010 | _z 2008044060 | ||
| 020 | _z9780821375730 | ||
| 020 | _z0821375733 | ||
| 020 | _z9780821375747 (electronic) | ||
| 020 | _z0821375741 (electronic) | ||
| 040 |
_aCaPaEBR _cCaPaEBR |
||
| 035 | _a(OCoLC)560612091 | ||
| 050 | 1 | 4 |
_aHT321 _b.U338 2009eb |
| 245 | 0 | 0 |
_aUrbanization and growth _h[electronic resource] / _cedited by Michael Spence, Patricia Clarke Annez, and Robert M. Buckley ; contributions by Michael Spence ... [et al.]. |
| 260 |
_aWashington, DC : _bCommission on Growth and Development : _bWorld Bank, _cc2009. |
||
| 300 |
_axxx, 255 p. : _bill. (some col.). |
||
| 504 | _aIncludes bibliographical references and index. | ||
| 533 |
_aElectronic reproduction. _bPalo Alto, Calif. : _cebrary, _d2011. _nAvailable via World Wide Web. _nAccess may be limited to ebrary affiliated libraries. |
||
| 650 | 0 | _aUrban economics. | |
| 650 | 0 |
_aUrbanization _xEconomic aspects. |
|
| 650 | 0 |
_aCities and towns _xGrowth. |
|
| 655 | 7 |
_aElectronic books. _2local |
|
| 700 | 1 |
_aSpence, Michael, _d1943- |
|
| 700 | 1 | _aAnnez, Patricia Clarke. | |
| 700 | 1 | _aBuckley, Robert M. | |
| 710 | 2 | _aebrary, Inc. | |
| 856 | 4 | 0 |
_uhttp://site.ebrary.com/lib/rucke/Doc?id=10269613 _zAn electronic book accessible through the World Wide Web; click to view |
| 999 |
_c8513 _d8513 |
||